| 000 | 00359nam a22001457a 4500 | ||
|---|---|---|---|
| 020 | _a978-93-5103-305-9 | ||
| 082 |
_a500 _bBEN/S |
||
| 100 | _aBENNET, DONNA | ||
| 245 |
_aTHE COMPLETE SCIENCE GUIDE _bFOR PRIMARY STUDENTS |
||
| 250 | _aREPRINT | ||
| 260 |
_aDELHI _bSCHOLASTIC INDIA _c2016 |
||
| 300 | _a173 | ||
| 650 |
_aSCIENCE REFERENCE _zINDIA |
||
| 942 | _cBK | ||
| 999 |
_c1396 _d1396 |
||